| 000 | 02279nam0a2200397 4500 | ||
|---|---|---|---|
| 001 | RU\NLR\BIBL_A\022559782 | ||
| 005 | 20260420045444.0 | ||
| 010 |
_a978-5-6052017-4-8 _9200 |
||
| 021 |
_aRU _bКН-П-25-020789 _9КН-П-25-2105 |
||
| 035 | _a(NLR Aleph) 022559782 | ||
| 090 |
_a13674474 _c13674474 |
||
| 100 | _a20250605d2025 u y0rusy50 ca | ||
| 101 | 0 | _arus | |
| 102 | _aRU | ||
| 105 | _aa z 000zy | ||
| 181 | 0 |
_ai _baxxe |
|
| 182 | 0 | _an | |
| 200 | 1 |
_a"Эта пуля не в меня летела..." _e80-летию Великой Победы посвящается _eсборник произведений современных северных писателей _fАрхангельское региональное отделение Союза писателей России _gред.-сост. И.Д. Гуревич _gредкол.: В.В. Попов, С.Н. Доморощенков |
|
| 203 |
_aТекст _bвизуальный _cнепосредственный |
||
| 210 |
_aАрхангельск _cАРО СП России _d2025 |
||
| 215 |
_a511 с. _cил. _d22 |
||
| 225 | 1 | _aНаследие Русского Севера | |
| 327 | 1 | _aСодерж.: авт.: Инга Артеева, Ольга Беспалова, Олег Борисов, Николай Васильев, Марина Вахто, Игорь Гуревич, Сергей Доморощенов, Павел Захарьин, Михаил Зиновкин и др. | |
| 333 | _a12+ | ||
| 606 | 1 |
_aВеликая Отечественная война _xв художественной литературе _z1941 - 1945 _91237620 _3RU\NLR\AUTH\66187768 |
|
| 686 | 2 | _aШ6(2=Р)8-94 | |
| 686 | 2 | _aШ6(2=Р)8-999 | |
| 702 | 1 |
_4340 _7ca _8rus _aГуревич _bИ. Д. _cспец. по связям с общественностью, литератор _f1960- _gИгорь Давидович _984699 _3RU\NLR\AUTH\77101773 |
|
| 712 | 0 | 2 |
_4570 _aСоюз писателей России _bАрхангельское региональное отделение _9760289 _3RU\NLR\AUTH\8810131838 |
| 942 | _cBOOK | ||
| 980 | _aNB | ||